Management information systems for the information age / (Record no. 5952)

MARC details
000 -LEADER
fixed length control field 01013cam a22002894a 4500
001 - CONTROL NUMBER
control field 12442236
003 - CONTROL NUMBER IDENTIFIER
control field OSt
005 - DATE AND TIME OF LATEST TRANSACTION
control field 20180117174907.0
008 - FIXED-LENGTH DATA ELEMENTS--GENERAL INFORMATION
fixed length control field 010615s2002 maua b 001 0 eng
010 ## - LIBRARY OF CONGRESS CONTROL NUMBER
LC control number 2001092452
Canceled/invalid LC control number 2001044188
020 ## - INTERNATIONAL STANDARD BOOK NUMBER
International Standard Book Number 9780071314640
040 ## - CATALOGING SOURCE
Original cataloging agency DLC
Transcribing agency DLC
Modifying agency DLC
042 ## - AUTHENTICATION CODE
Authentication code pcc
082 ## - DEWEY DECIMAL CLASSIFICATION NUMBER
Classification number 658.4038
Item number HAA 2013
100 1# - MAIN ENTRY--PERSONAL NAME
Personal name Haag, Stephen.
9 (RLIN) 12349
245 10 - TITLE STATEMENT
Title Management information systems for the information age /
Statement of responsibility, etc. Stephen Haag, Maeve Cummings.
250 ## - EDITION STATEMENT
Edition statement 9th. ed.
260 ## - PUBLICATION, DISTRIBUTION, ETC. (IMPRINT)
Place of publication, distribution, etc. Boston :
Name of publisher, distributor, etc. McGraw-Hill Irwin,
Date of publication, distribution, etc. 2013.
300 ## - PHYSICAL DESCRIPTION
Extent xxxiii, 554 p. :
Other physical details col. ill. ;
Dimensions 29 cm.
504 ## - BIBLIOGRAPHY, ETC. NOTE
Bibliography, etc Includes bibliographical references and index.
650 #0 - SUBJECT ADDED ENTRY--TOPICAL TERM
Topical term or geographic name as entry element Management information systems.
9 (RLIN) 5366
650 #0 - SUBJECT ADDED ENTRY--TOPICAL TERM
Topical term or geographic name as entry element Information technology.
9 (RLIN) 5622
700 1# - ADDED ENTRY--PERSONAL NAME
Personal name Cummings, Maeve.
9 (RLIN) 12350
906 ## - LOCAL DATA ELEMENT F, LDF (RLIN)
a 7
b cbc
c orignew
d 1
e ocip
f 20
g y-gencatlg
942 ## - ADDED ENTRY ELEMENTS (KOHA)
Source of classification or shelving scheme Dewey Decimal Classification
Koha item type Short Loan
Holdings
Withdrawn status Lost status Source of classification or shelving scheme Damaged status Not for loan Home library Current library Date acquired Source of acquisition Inventory number Total Checkouts Full call number Barcode Date last seen Price effective from Koha item type
    Dewey Decimal Classification     MUST Main Library MUST Main Library 17/01/2018   2017/40162   658.4038 HAA 2013 2018-0018 17/01/2018 17/01/2018 Short Loan